000 00357nam a2200157Ia 4500
008 221030s9999 xx 000 0 und d
041 _aEnglish
082 _a105.23
_bChe
100 _aF. Cherunilam
245 0 _aStrategic Mangement
250 _a4th
260 _bHimalaya Pub House
_aMumbai
_c2002
300 _a243
650 _aManagement
942 _cBK
999 _c528
_d528